000 00265nam a22000977a 4500
999 _c11688
_d11688
008 191203b ||||| |||| 00| 0 eng d
020 _a9780670844814
100 _aScieszka Jon
_97387
245 _aYour Mother Was a Neanderthal
260 _aNew York
_bPenguin group
_c1993